Sefer Ḥavalim ba-neʻimim : (Record no. 32852)
[ view plain ]
| 000 -LEADER | |
|---|---|
| fixed length control field | 00932cam a22002651a 4500 |
| 001 - CONTROL NUMBER | |
| control field | he 68000215 |
| 003 - CONTROL NUMBER IDENTIFIER | |
| control field | DLC |
| 005 - DATE AND TIME OF LATEST TRANSACTION | |
| control field | 20260227111452.0 |
| 008 - FIXED-LENGTH DATA ELEMENTS--GENERAL INFORMATION | |
| fixed length control field | 850515m19011934pl 000 0 heb |
| 010 ## - LIBRARY OF CONGRESS CONTROL NUMBER | |
| LC control number | he 68000215 |
| 035 ## - SYSTEM CONTROL NUMBER | |
| System control number | (OCoLC)19177088 |
| 040 ## - CATALOGING SOURCE | |
| Original cataloging agency | DLC |
| Transcribing agency | MH |
| Modifying agency | TxU |
| -- | DLC |
| 042 ## - AUTHENTICATION CODE | |
| Authentication code | premarc |
| 050 00 - LIBRARY OF CONGRESS CALL NUMBER | |
| Classification number | BM522.39 |
| Item number | .R35 1901 |
| 100 1# - MAIN ENTRY--PERSONAL NAME | |
| Personal name | Graubart, Judah Loeb, |
| Dates associated with a name | 1862?-1937. |
| 245 10 - TITLE STATEMENT | |
| Title | Sefer Ḥavalim ba-neʻimim : |
| Remainder of title | divre Yehudah, ʻal kelale shitot ha-Shas ve-ezeh sheʼelot ve-teshuvot ... |
| Statement of responsibility, etc. | [me-et] Yehudah Leb, ho. p. k. Makavi. |
| 260 ## - PUBLICATION, DISTRIBUTION, ETC. | |
| Place of publication, distribution, etc. | Pietrkov : |
| Name of publisher, distributor, etc. | Sh. Fainski, |
| Date of publication, distribution, etc. | 1901-34. |
| 300 ## - PHYSICAL DESCRIPTION | |
| Extent | 4 v. ; |
| Dimensions | 35 cm. |
| 500 ## - GENERAL NOTE | |
| General note | Vol. 2 published in Warsaw; v. 3-4 have imprint: Lodz, Masorah. |
| 500 ## - GENERAL NOTE | |
| General note | Vols. 2-4 have subtitle: Sheelot ve-teshuvot be-arbaah helke Shulhan arukh. |
| 650 #0 - SUBJECT ADDED ENTRY--TOPICAL TERM | |
| Topical term or geographic name entry element | Responsa |
| Chronological subdivision | 1800-1948. |
| 630 00 - SUBJECT ADDED ENTRY--UNIFORM TITLE | |
| Uniform title | Talmud. |
| 740 0# - ADDED ENTRY--UNCONTROLLED RELATED/ANALYTICAL TITLE | |
| Uncontrolled related/analytical title | Ḥavalim ba-neʻimim. |
| 752 ## - ADDED ENTRY--HIERARCHICAL PLACE NAME | |
| Country or larger entity | Poland |
| City | Warsaw |
No items available.